000
00269 a2200145 4500
001
61415
020
_a
040
_c
Anchieta - Pituba
240
1
0
_a
Matemática
_l
por
245
1
0
_a
Matemática
300
_a
362
0
_a
0
650
4
_a
Matemática
942
_c
BK
999
_c
61415
_d
61415